LIBRARY & INFORMATION CENTRE, KCAET, TAVANUR

ONLINE PUBLIC ACCESS CATALOGUE (OPAC)

Indian Agriculture / (Record no. 2335)

MARC details
000 -LEADER
fixed length control field 00284cam a2200121ua 4500
082 ## - DEWEY DECIMAL CLASSIFICATION NUMBER
Classification number 630
Item number ARA/IN
100 ## - MAIN ENTRY--AUTHOR NAME
Personal name Arakeri, H.R .
245 ## - TITLE STATEMENT
Title Indian Agriculture /
250 ## - EDITION STATEMENT
Edition statement 1 /
260 ## - PUBLICATION, DISTRIBUTION, ETC. (IMPRINT)
Place of publication :
Name of publisher Oxford & IBH Publishing company ,
Year of publication 1984.
300 ## - PHYSICAL DESCRIPTION
Number of Pages 289 ; .
942 ## - ADDED ENTRY ELEMENTS (KOHA)
Koha item type Books
Holdings
Withdrawn status Lost status Damaged status Home library Current library Date acquired Full call number Accession Number Koha item type
      KAUAET KAUAET 28/03/1987 630 16319 Books
free website counter